[Event "Challenge"]
[Site "http://www.queenalice.com/game.php?id=241266"]
[Date "2007.7.17"]
[Round "-"]
[White "KrikorMendes"]
[Black "mrd"]
[Result "1-0"]
[WhiteElo "1257"]
[BlackElo "1155"]

1. g3 c6 2. e3 e6 3. c4 c5 4. b3 b6 5. Qf3 d5 6. e4 a5 7. a4 Nf6 8. cxd5 exd5 9.
exd5 Nxd5 10. Bb5+ Bd7 11. Qe4+ Be7 12. Qxd5 Ra7 13. Bc4 Nc6 14. Qxf7# 1-0

[Event "Challenge"]
[Site "http://www.queenalice.com/game.php?id=242894"]
[Date "2007.7.20"]
[Round "-"]
[White "cirolo"]
[Black "mrd"]
[Result "1-0"]
[WhiteElo "1191"]
[BlackElo "1140"]

1. e4 c6 2. Bc4 b5 3. Bb3 e6 4. Qf3 Nf6 5. c4 a6 6. cxb5 axb5 7. Nc3 Na6 8. e5
Nd5 9. Ne4 Ndb4 10. Qc3 g6 11. Nf6+ Ke7 12. a3 Nd5 13. Nxd5+ cxd5 14. d4 Nc7 15.
Bg5+ f6 16. exf6+ Ke8 17. f7+ Kxf7 18. Bxd8 Ke8 19. Bxc7 h5 20. Qe3 Ra7 21. Qe5
Rg8 22. Rc1 Bh6 23. Qf6 Bxc1 24. Qd8+ Kf7 25. Qh4 Rxc7 26. Nf3 Bxb2 27. Ng5+ Ke8
28. Qf4 Rb7 29. Qf7+ Kd8 30. Qxg8+ Kc7 31. Qg7 Ra7 32. Nxe6+ Kb6 33. Nc5 Rxa3
34. Qf6+ d6 35. Qxd6+ Ka5 36. O-O Bxd4 37. Qc7+ Kb4 38. Qxc8 Bxc5 39. Rc1 Bb6
40. Bxd5 h4 41. Rb1+ Ka5 42. Qa8+ Ba7 43. Qxa7# 1-0

[Event "Challenge"]
[Site "http://www.queenalice.com/game.php?id=244840"]
[Date "2007.7.24"]
[Round "-"]
[White "mrd"]
[Black "rafaelbdb"]
[Result "1-0"]
[WhiteElo "1183"]
[BlackElo "1274"]

1. c3 e5 2. d3 d5 3. Nf3 Nc6 4. h4 Nf6 5. Ng5 Be7 6. g3 O-O 7. e3 h6 8. Nf3 Bg4
9. a3 e4 10. dxe4 dxe4 11. Nbd2 exf3 12. Qc2 Re8 13. Ne4 Qd5 14. Nxf6+ Bxf6 15.
c4 Qf5 16. Qb3 Na5 17. Qd1 1-0

[Event "Challenge"]
[Site "http://www.queenalice.com/game.php?id=260454"]
[Date "2007.8.24"]
[Round "-"]
[White "mrd"]
[Black "carloscolangelo"]
[Result "0-1"]
[WhiteElo "1154"]
[BlackElo "1325"]

1. e3 e5 2. b3 Nf6 3. Nf3 d6 4. h3 d5 5. Nxe5 Bc5 6. Nc3 g5 7. h4 gxh4 8. Rxh4
Nfd7 9. Rf4 Nxe5 10. b4 Ng6 11. Rf3 Bxb4 12. Nb1 Nh4 13. Rf4 O-O 14. Rg4+ Bxg4
15. Qxg4+ Ng6 16. Qxb4 Nc6 17. Qd4 Nxd4 18. exd4 Re8+ 19. Kd1 Qe7 20. Ba3 Qe1#
0-1

[Event "Challenge"]
[Site "http://www.queenalice.com/game.php?id=271352"]
[Date "2007.9.13"]
[Round "-"]
[White "mrd"]
[Black "carloscolangelo"]
[Result "0-1"]
[WhiteElo "1195"]
[BlackElo "1324"]

1. d3 e5 2. Bd2 Bc5 3. c3 Qf6 4. Qc1 Qxf2+ 5. Kd1 Qxf1+ 6. Kc2 Qxg2 7. Nf3 Qxe2
8. Qd1 Qg2 9. Rg1 Bxg1 10. Qxg1 Qxf3 11. Qxg7 Qf6 12. Bh6 d6 13. Nd2 Ke7 14. Rf1
Qxg7 15. Bxg7 Nh6 16. Bf6+ Kf8 17. Bxh8 Bh3 18. Rf6 Ng8 19. Rf5 Bxf5 20. b3 d5
21. Bxe5 f6 22. Bxc7 Na6 23. Bd6+ Ne7 24. Nf3 Rd8 25. Bg3 Nc5 26. Kb2 Nxd3+ 27.
Ka3 Ne5 28. Nh4 d4 29. Bf4 dxc3 30. Ng2 c2 31. Ne1 Nd5 32. Bd2 Rc8 33. Ng2 c1=Q+
34. Bxc1 Rxc1 35. Nh4 Ne7 36. Ka4 Bd7+ 37. Kb4 Nd3+ 38. Ka3 a5 39. b4 axb4+ 40.
Kb3 Be6+ 41. Ka4 f5 42. Kb5 f4 43. Kb6 f3 44. Nxf3 Ra1 45. Nd4 Kf7 46. Kxb7 Rxa2
47. h3 b3 48. Nxb3 Bxb3 49. h4 Rh2 50. Kc7 Rxh4 51. Kd8 h5 52. Kd7 Rd4+ 53. Kc7
h4 54. Kb6 h3 55. Kb5 Rd5+ 56. Ka6 h2 57. Kb6 h1=Q 58. Kb7 Rb5+ 59. Ka6 Qc6+ 60.
Ka7 Qb7# 0-1

[Event "Challenge"]
[Site "http://www.queenalice.com/game.php?id=272081"]
[Date "2007.9.15"]
[Round "-"]
[White "cirolo"]
[Black "mrd"]
[Result "0-1"]
[WhiteElo "1227"]
[BlackElo "1174"]

1. e4 e6 2. Qf3 Qe7 3. Nc3 g6 4. Qe3 b6 5. e5 c6 6. Qf3 Bb7 7. d4 Nh6 8. g3 Na6
9. h4 Rb8 10. Bg5 f6 11. Bxf6 Qb4 12. Bxh8 c5 13. Qd1 Qxb2 14. Rh3 Qxc3+ 15. Ke2
Qxd4 16. Qc1 c4 17. Nf3 Qe4+ 18. Qe3 Bb4 19. Ng5 Qxc2+ 20. Qd2 Qxd2# 0-1

[Event "Wefferson"]
[Site "http://www.queenalice.com/game.php?id=272210"]
[Date "2007.9.15"]
[Round "1"]
[White "wedmarques"]
[Black "mrd"]
[Result "1-0"]
[WhiteElo "1100"]
[BlackElo "1198"]

1. e4 e6 2. c4 c6 3. Nf3 Bc5 4. d4 Bb4+ 5. Nc3 Nf6 6. Bd3 Ng4 7. O-O Bd6 8. e5
Bc7 9. Ng5 Qe7 10. Qxg4 f6 11. Qh5+ g6 12. Bxg6+ Kd8 13. Nf7+ Ke8 14. Nxh8+ hxg6
15. Qxg6+ Kf8 16. Bh6+ Qg7 17. Qf7# 1-0

[Event "Skull"]
[Site "http://www.queenalice.com/game.php?id=273224"]
[Date "2007.9.18"]
[Round "-"]
[White "fbdaniel"]
[Black "mrd"]
[Result "1-0"]
[WhiteElo "1458"]
[BlackElo "1201"]

1. e4 e5 2. Nf3 c6 3. Nxe5 Qe7 4. d4 g6 5. Qf3 b6 6. Bg5 f6 7. Bh4 Qd6 8. Nc4
Qb4+ 9. c3 Qb5 10. Nba3 Qxb2 11. Nxb2 Be7 12. Nac4 b5 13. Na5 g5 14. Bg3 d6 15.
e5 g4 16. Qf4 dxe5 17. Qe4 1-0

[Event "Challenge"]
[Site "http://www.queenalice.com/game.php?id=274154"]
[Date "2007.9.19"]
[Round "-"]
[White "cirolo"]
[Black "mrd"]
[Result "1-0"]
[WhiteElo "1268"]
[BlackElo "1215"]

1. e4 e6 2. b4 Nh6 3. f3 Na6 4. c3 c6 5. d4 Nc7 6. Bd2 f5 7. Qc1 Nb5 8. a4 Nd6
9. Bg5 Be7 10. Bf4 fxe4 11. Be5 Bg5 12. f4 Bf6 13. Bxd6 Nf5 14. g4 Nxd6 15. g5
Bxg5 16. fxg5 Rf8 17. Be2 g6 18. Nh3 Nf5 19. O-O b6 20. Nd2 h6 21. Nxe4 Qe7 22.
b5 hxg5 23. Nexg5 Ng3 24. hxg3 cxb5 25. Bf3 d5 26. axb5 e5 27. Bxd5 Rb8 28. Bf7+
Rxf7 29. Rxf7 Qd8 30. Qf1 Bxh3 31. Rf8+ Ke7 32. Qf7+ Kd6 33. Ne4# 1-0

[Event "Challenge"]
[Site "http://www.queenalice.com/game.php?id=288869"]
[Date "2007.10.18"]
[Round "-"]
[White "FENIX_RJ"]
[Black "mrd"]
[Result "1-0"]
[WhiteElo "1473"]
[BlackElo "1220"]

1. e4 e5 2. Nf3 Qe7 3. Bc4 g5 4. d4 g4 5. Nxe5 Qb4+ 6. c3 Qa5 7. Bg5 f6 8. Nf7
fxg5 9. Nxh8 d5 10. Bxd5 Nf6 11. b4 Bxb4 12. Qd2 Be7 13. Bf7+ Kd8 14. O-O b6 15.
e5 Qb5 16. a4 Qc4 17. Bxc4 Ne4 18. Qd3 Bf5 19. Nf7+ Kc8 20. e6 Nd6 21. Nxd6+
Bxd6 22. Qxf5 Kb7 23. Qe4+ c6 24. d5 b5 25. Qxh7+ Bc7 26. Bb3 Na6 27. d6 Rc8 28.
axb5 Nc5 29. Rd1 Nxb3 30. Ra3 Nc5 31. dxc7 Nxe6 32. bxc6+ Kb6 33. Qd7 1-0

[Event "Challenge"]
[Site "http://www.queenalice.com/game.php?id=330173"]
[Date "2008.1.3"]
[Round "-"]
[White "carloscolangelo"]
[Black "mrd"]
[Result "1-0"]
[WhiteElo "1412"]
[BlackElo "1229"]

1. e4 e6 2. Nf3 g6 3. d3 b6 4. Ng5 Qe7 5. Qf3 f6 6. e5 fxg5 7. Qxa8 Qb4+ 8. c3
Qb5 9. d4 Qd5 10. Qxb8 Kd8 11. Bxg5+ Be7 12. Bxe7+ Nxe7 13. b3 Qa5 14. b4 Qa4
15. Be2 Qc2 16. Bd1 Qe4+ 17. Be2 Nc6 18. Nd2 Qxg2 19. Qa8 Qxh1+ 20. Nf1 Rf8 21.
Ba6 Qg2 22. Qxc8+ Ke7 23. Qxc7 Qxf2+ 24. Kd1 Qxf1+ 25. Bxf1 Rxf1+ 26. Kc2 Rxa1
27. Qd6+ Ke8 28. b5 Rxa2+ 29. Kb3 Rxh2 30. bxc6 Kf7 31. c7 Rf2 32. c8=Q g5 33.
Qcf8+ Kg6 34. Qxf2 h5 35. Qf6+ Kh7 36. Qde7+ Kg8 37. Qeg7# 1-0

[Event "Challenge"]
[Site "http://www.queenalice.com/game.php?id=393701"]
[Date "2008.4.26"]
[Round "-"]
[White "carloscolangelo"]
[Black "mrd"]
[Result "1-0"]
[WhiteElo "1462"]
[BlackElo "1214"]

1. e4 e6 2. Bc4 Qf6 3. Nf3 b6 4. d3 Qg6 5. Nh4 Qf6 6. Qg4 Bc5 7. O-O Nh6 8. Bxh6
gxh6 9. c3 Nc6 10. d4 Nxd4 11. cxd4 Bxd4 12. Nc3 a5 13. Nb5 Be5 14. Rac1 Bb7 15.
Rcd1 Rd8 16. Rd3 h5 17. Qxh5 Qg7 18. Rc1 Bxe4 19. Rg3 Bxg3 20. hxg3 Qxb2 21.
Nxc7+ Ke7 22. Re1 Qd4 23. Qe2 Bc6 24. Nf5+ Kf8 25. Nxd4 Bb7 26. Ba6 Bc8 27. Rc1
Rg8 28. Bxc8 Rxc8 29. Ndb5 Rg5 30. Qd2 Rc5 31. Rxc5 bxc5 32. Qxd7 Rxc7 33. Qxc7
c4 34. Qxc4 Kg7 35. Qg4+ Kf6 36. Qa4 h5 37. Qxa5 e5 38. Qd8+ Kg7 39. a4 h4 40.
gxh4 Kg6 41. Qh8 Kf5 42. a5 e4 43. a6 f6 44. a7 Kf4 45. a8=Q e3 46. Qf3+ Ke5 47.
Qhxf6# 1-0

[Event "Challenge"]
[Site "http://www.queenalice.com/game.php?id=413201"]
[Date "2008.6.5"]
[Round "-"]
[White "mrd"]
[Black "RichardN"]
[Result "0-1"]
[WhiteElo "1206"]
[BlackElo "1416"]

1. e3 e5 2. Nf3 Nc6 3. Bc4 d6 4. Nxe5 Nxe5 5. Bb3 Nf6 6. Ba4+ Bd7 7. b3 Bxa4 8.
bxa4 Be7 9. Ba3 Nc4 10. Bb4 O-O 11. Qe2 d5 12. a3 Bxb4 13. axb4 Qd6 14. Qd3 Qxb4
15. O-O Rad8 16. c3 Qb2 17. Na3 Nxa3 18. c4 dxc4 19. Qxa3 Qxd2 20. Ra2 Rd3 21.
Rxd2 Rxa3 22. Rfd1 Rxa4 23. Rd8 Ne8 24. g3 c3 25. R8d7 c2 26. Re1 Rb4 27. Rd2
Rc4 28. e4 c1=Q 0-1

[Event "Challenge"]
[Site "http://www.queenalice.com/game.php?id=418283"]
[Date "2008.6.16"]
[Round "-"]
[White "mrd"]
[Black "Aldino"]
[Result "0-1"]
[WhiteElo "1208"]
[BlackElo "1675"]

1. e3 e5 2. Qf3 Nf6 3. b3 d6 4. g3 c6 5. Nc3 Bg4 6. Qg2 Qd7 7. h3 Bf5 8. e4 Be6
9. Qf3 d5 10. Bb2 dxe4 11. Nxe4 Nxe4 12. Qxe4 f6 13. Rd1 Bd5 14. Qe3 Bxh1 15. f3
Bxf3 16. Nxf3 Be7 17. d4 Qe6 18. dxe5 Nd7 19. Nd4 Qxe5 20. Rd3 Qxe3+ 21. Rxe3
Ne5 22. Nf5 Bb4+ 23. c3 Bc5 24. Nxg7+ Kf7 25. Re2 Kxg7 26. Re4 Rhe8 27. b4 Bd6
28. Bg2 Nd3+ 29. Kd2 Nxb2 30. Kc2 Rxe4 31. Bxe4 Nc4 32. Kb3 Nd2+ 33. Kc2 Nxe4
34. g4 Rd8 35. g5 fxg5 36. Kd3 Nf2+ 0-1